Introduction to geographic information systems

Gespeichert in:
Bibliographische Detailangaben
1. Verfasser: Chang, Kang- stung
Format: Buch
Sprache:Undetermined
Veröffentlicht: Boston McGraw- Hill 2006
Schlagworte:
Tags: Tag hinzufügen
Keine Tags, Fügen Sie den ersten Tag hinzu!
Thư viện lưu trữ: Trung tâm Học liệu Trường Đại học Cần Thơ
LEADER 00522nam a2200193Ia 4500
001 CTU_87587
008 210402s9999 xx 000 0 und d
020 |c 91.73 
082 |a 910 
082 |b C456 
100 |a Chang, Kang- stung 
245 0 |a Introduction to geographic information systems 
245 0 |c Kang- stung Chang 
260 |a Boston 
260 |b McGraw- Hill 
260 |c 2006 
650 |a Geographic information systems 
904 |i M.Loan 
980 |a Trung tâm Học liệu Trường Đại học Cần Thơ